000 00622nam a2200169 i 4500
001 142908
003 ES-MaACL
005 20230906200645.0
007 t|
008 071010s1959 sp ||||1| spa d
100 1 _aVicente Cantin, Aloisio.
_9114350
245 1 3 _aLa intención "in jure fundata" que tiene el párroco sobre las oblaciones y otras obvenciones dentro de la parroquia /
_cAuctore Aloisio Vicente Cantin.
260 _aZaragoza :
_bPontificia Universitaria Gregoriana,
_c1959.
300 _a164 p. ;
_c24 cm.
710 2 _aPontificia Universitas Gregoriana.
_96235
852 _aES-MaACL
_jC-12544
_bR.44335
999 _c142908
_d142908